01016cam a22002534a 45000010009000000050017000090080041000260100017000670200028000840400018001120420008001300430012001380500025001500820024001752450113001992600240003123000026005524900020005786500029005986500041006276500031006687000031006998300032007301320312920200421093826.0030519s2003 cau ko 001 0deng  a 2003052270 a0879307447 (alk. paper) aDLCcDLCdDLC apcc an-us---00aML156.4.S6bA45 200300a016.781644/026622100aAll music guide to soul :bthe definitive guide to R&B and soul /cedited by Vladimir Bogdanov ... [et al.]. aSan Francisco, CA :bBackbeat Books ;aBerkeley, CA :bDistributed to the book trade in the U.S. and Canada by Publishers Group West ;aMilwaukee, WI :bDistributed to the music trade in the U.S. and Canada by Hal Leonard Pub.,cc2003. axii, 899 p. ;c24 cm.1 aAll music guide 0aSoul musicvDiscography. 0aRhythm and blues musicvDiscography. 0aSound recordingsvReviews.1 aBogdanov, Vladimir,d1965- 0aAMG all music guide series.